000 00687nas a2200241 4500
001 BR9103741
003 BR-BrBNA
005 20231205092131.0
007 ta
008 230509b bl.|||p| |||| 00| 00por d
040 _aBR-BrBNA
_bpor
_cBiblioteca Nacional de Agricultura
041 _a(Pt)
072 _aL74
100 1 _aAnon.
245 1 _aAlteracoes das pernas de frangos: prejuizo certo
650 _aFRANGO
650 _aPERNA
650 _aDEFICIENCIA METABOLICA
650 _aNUTRICAO ANIMAL
773 0 _tAvicultura Industrial (Brazil)
_xISSN 0101-2258
_g(Oct 1985), v. 76(910) p. 48-53
_wBR9103741
909 _a202311
_bLúcia
_c55
_dLúcia Elande
942 _2AGRIS
_n0
_cANA
999 _c129576
_d129576